01688cam a2200337 i 450000100090000000300040000900500170001300800410003001000170007102000180008802000390010604000320014504200080017705000230018508200170020810000620022524501200028726401090040730000280051633600210054433700250056533800230059050400670061350502760068065000430095665000290099965000230102870000350105170000340108677602300112019401124OSt20230901120712.0161202s2017 cau b 001 0 eng c a 2016055522 a9789354358531 a9781503601789 (cloth : alk. paper) aCSt/DLCbengcCSterdadDLC apcc00aHG4521b.M765 201700a332.6bMON/R1 aMonk, Ashby H. B.q(Ashby Henry Benning),d1976-eauthor.10aReframing finance :bnew models of long-term investment management /cAshby Monk, Rajiv Sharma, Duncan L. Sinclair. 1aStanford, California :bStanford Economics and Finance, an imprint of Stanford University Press,c[2017] axvi, 193 pages ;c23 cm atext2rdacontent aunmediated2rdamedia avolume2rdacarrier aIncludes bibliographical references (pages 165-186) and index.0 aA collaborative model for long-term investing -- Building an institutional investor's collaborative network and social capital -- Re-intermediating investment management -- New vehicles to drive the collaborative model -- The future of long-term institutional investment. 0aInstitutional investmentsxManagement. 0aInstitutional investors. 0aBusiness networks.1 aSharma, Rajiv,d1984-eauthor.1 aSinclair, Duncan L.,eauthor.08iOnline version:aMonk, Ashby H. B. (Ashby Henry Benning), 1976- author.tReframing financedStanford, California : Stanford Economics and Finance, an imprint of Stanford University Press, 2017z9781503602755w(DLC) 2016057160